EUKER: European Union Knowledge Economy Review scientific journal
Nové poznatky týkajúce sa budovania znalostnej ekonomiky, inovácií a inovačných aktivít, regionálneho rozvoja, konkurencieschopnosti a zlepšovania podnikových procesov.
Guardado en:
| Formato: | Seriadas |
|---|---|
| Lenguaje: | eslovaco |
| Publicado: |
Vranov nad Topľou
European Union Knowledge Economy Pass
|
| Materias: | |
| Etiquetas: |
Sin Etiquetas, Sea el primero en etiquetar este registro!
|
MARC
| LEADER | 00000nls a2200000 4500 | ||
|---|---|---|---|
| 001 | 0172094 | ||
| 005 | 20231128095951.0 | ||
| 022 | |a 1339-2786 | ||
| 041 | 0 | |a slo | |
| 044 | |a SK | ||
| 245 | 1 | 0 | |a EUKER: European Union Knowledge Economy Review |b scientific journal |
| 264 | 1 | |a Vranov nad Topľou |b European Union Knowledge Economy Pass | |
| 520 | |a Nové poznatky týkajúce sa budovania znalostnej ekonomiky, inovácií a inovačných aktivít, regionálneho rozvoja, konkurencieschopnosti a zlepšovania podnikových procesov. | ||
| 610 | 2 | 0 | |a veda ekonomická |
| 610 | 2 | 0 | |a ekonomika nová |
| 610 | 2 | 0 | |a riadenie hospodárske |
| 610 | 2 | 0 | |a ekonomika znalostná |
| 610 | 2 | 0 | |a procesy podnikové |